000 00749 a2200229 4500
005 20251120114450.0
008 251120b |||||||| |||| 00| 0 eng d
020 _a9788119953943 (hbk)
037 _cTB
040 _aCRL
_cCRL
041 _2eng
_aeng
084 _aQ4.44974 R5
_qCRL
100 _aLama, Sudash
_9821148
245 _aBon, buddhism in the Tamang:
_ba socio cultural study
260 _aNew Delhi, India:
_bManohar Publisher and Distributors,
_c2025.
300 _a182p.
365 _b1395.00
_cINR
650 _aReligion
_9852548
650 _aBuddhism
_9852549
942 _cTB
_2CC
_n0
_hQ4.44974 R5
999 _c1435328
_d1435328